Normal view
MARC view
- القاضي ، عبدالفتاح صالح/ م مشارك احمد شكري الريماوي
Entry Personal Name
001 - CONTROL NUMBER
- control field: 31844
003 - CONTROL NUMBER IDENTIFIER
- control field: JO-AjAnu
005 - DATE AND TIME OF LATEST TRANSACTION
- control field: 20230606075346.0
008 - FIXED-LENGTH DATA ELEMENTS
- fixed length control field: 230606|| aca||aabn | a|a d
040 ## - CATALOGING SOURCE
- Original cataloging agency: JO-AjAnu
- Transcribing agency: JO-AjAnu
100 ## - HEADING--PERSONAL NAME
- Personal name: القاضي ، عبدالفتاح صالح/ م مشارك احمد شكري الريماوي
670 ## - SOURCE DATA FOUND
- Source citation: Work cat.: (JO-AjAnu)16352: القاضي ، عبدالفتاح صالح/ م مشارك احمد شكري الريماوي , author, مبادئ في الادارة المزرعية